Quality in precast concrete : (Record no. 547106)

000 -LEADER
fixed length control field 00599pam a2200157 a 4500
020 ## - INTERNATIONAL STANDARD BOOK NUMBER
International Standard Book Number 0470216859 (USA)
020 ## - INTERNATIONAL STANDARD BOOK NUMBER
International Standard Book Number 0582050669
082 00 - DEWEY DECIMAL CLASSIFICATION NUMBER
Classification number 624.18341
Author Mark RIC
-- L-, P-1/33
100 1# - MAIN ENTRY--PERSONAL NAME
Personal name Richardson, John George.
9 (RLIN) 43286
245 10 - TITLE STATEMENT
Title Quality in precast concrete :
Remainder of title design--production--supervision /
Statement of responsibility, etc. John G. Richardson.
260 ## - PUBLICATION, DISTRIBUTION, ETC.
Place of publication, distribution, etc. Harlow, Essex, England :
Name of publisher, distributor, etc. Longman Scientific & Technical ;
Place of publication, distribution, etc. New York :
Name of publisher, distributor, etc. Copublished in the U.S. with Wiley,
Date of publication, distribution, etc. 1991.
300 ## - PHYSICAL DESCRIPTION
Extent x, 395 p. :
Other physical details ill. ;
Dimensions 25 cm.
526 ## - STUDY PROGRAM INFORMATION NOTE
Program name 0
Interest level 0
Reading level 0
Title point value 624_183410000000000_RIC
650 #0 - SUBJECT ADDED ENTRY--TOPICAL TERM
Topical term or geographic name entry element Precast concrete.
9 (RLIN) 25659
942 ## - ADDED ENTRY ELEMENTS (KOHA)
Source of classification or shelving scheme
Koha item type Book
Holdings
Withdrawn status Lost status Source of classification or shelving scheme Damaged status Not for loan Permanent Location Current Location Date acquired Total Checkouts Full call number Barcode Date last seen Price effective from Koha item type
          Military College of Engineering (MCE) Military College of Engineering (MCE) 07/01/2014   624.18341 RIC MCE-29333 07/01/2014 07/01/2014 Book
© 2023 Central Library, National University of Sciences and Technology. All Rights Reserved.